000 00392nam a22001577a 4500
003 MPLRDC
005 20220104123516.0
008 210129b ||||| |||| 00| 0 eng d
082 _a216.9 YDS
100 _a杨大省编
245 _a科学时代的轮回录
_c
260 _a
_b金马仑三宝万佛寺
_c1984
300 _b
650 _a灵魂论; 来生论
942 _cBK
_o216.9 YDS
999 _c11985
_d11975